Fundamentos de anl̀isis de estados financieros

Detalles Bibliográficos
Autor principal: Rojas Cataǫ, Ma. de Lourdes
Formato: eBook
Lenguaje:español
Publicado: Ciudad de Mx̌ico: Instituto Mexicano de Contadores Pb︢licos, 2016
Materias:
Acceso en línea:Acceso restringido

MARC

LEADER 00000nam a22000007a 4500
005 20180515224530.0
007 cr|||| ||||
008 180515s2016 mx |||||s|||| 00||0 spa d
020 |a 978-607-8463-37-4 
035 |a 21700 
040 |a vLex 
090 |c 7964  |d 7964 
100 1 |a Rojas Cataǫ, Ma. de Lourdes 
245 1 0 |a Fundamentos de anl̀isis de estados financieros  |h [Recurso electrn̤ico] /  |c Ma. de Lourdes Rojas Cataǫ 
256 |a Servicio en ln̕ea 
260 |a Ciudad de Mx̌ico:  |b Instituto Mexicano de Contadores Pb︢licos,  |c 2016 
300 |a 1 recurso electrn̤ico 
506 1 |a Disponible solo en los productos indicados  |d vLex Global  |d vLex Global (Academic Edition, excluding Law Schools)  |d vLex Global (U.S. Academic Edition, Law Schools)  |d vLex Global (U.S. Academic Edition, excluding Law Schools)  |d vLex Global (Academic Edition, Law Schools) 
650 0 4 |a Ciencias sociales  |z Mx̌ico 
740 0 |a vLex Libros (Servicio en ln̕ea) 
856 4 0 |u http://vlex.com/source/fundamentos-analisis-estados-financieros-21700  |z Acceso restringido 
942 |c BOOK 
999 0 |a Social Sciences